| 000 | 00396nam a2200169Ia 4500 | ||
|---|---|---|---|
| 001 | 23297 | ||
| 005 | 20260414150928.0 | ||
| 008 | 260414t2017||||xx |||||||||||||| ||spa|| | ||
| 041 | _aESP | ||
| 082 |
_a628.4 _bE383 |
||
| 245 | 0 |
_aUF0286 : _bgestión de residuos inertes |
|
| 260 | _c2017 | ||
| 300 |
_a158 páginas : _c24 cm. |
||
| 650 | _aGEN | ||
| 654 | _aCHU | ||
| 942 |
_cLIB _dJUS _fJUS _2ddc _n |
||
| 999 |
_c23297 _d23297 |
||